000 00668nam a22002297a 4500
003 DO-SdBNP
005 20180309101929.0
008 180309b1998 dr||||| |||| 00| 0 spa d
020 _a8482611011
040 _aBPMSU
_bspa
_cBPMSU
100 _aLugo, Zaida
245 _aQuímica y física :
_b2 do curso, segundo ciclo
_cZaida Lugo, Félix Molina Moloon...
260 _aSanto Domingo :
_bSantillana
_c1998
300 _a341 p.
_bil.
_c28. 5 cm
490 _aSantillana
700 _aCid, Félix
700 _aMolina Moloon, Andrés
700 _aLibre de Vargas, Claudia
942 _2ddc
_cBK
945 _ainventariado, 2018 / dg
956 _adgarcia
_b10
999 _c13350
_d13350